| 000 | 01805cam a2200313 ia4500 | ||
|---|---|---|---|
| 003 | SA-RiAUC | ||
| 005 | 20241215141740.0 | ||
| 008 | 241214s2013 ti g 00010 ara c | ||
| 024 | 0 | _a00000000912492 | |
| 040 |
_aSA-JeALM _bara _cSA-RiAUC. _dAE-DuMBRL _erda |
||
| 050 | 4 | _b.M37 2013 | |
| 082 | 0 | 4 |
_a237 _qSA-RiAUC |
| 090 |
_a237 _b م ع ر |
||
| 100 | 1 |
_aمعروف، بشار عواد، _d1940- _eمؤلف. |
|
| 245 | 1 | 0 |
_aمسند أصحاب الكساء / _cصنفه وحكم على أحاديثه الدكتور بشار عواد معروف، الدكتور محمد بشار عواد. |
| 250 | _aالطبعة الأولى. | ||
| 264 | 1 |
_aتونس : _aعمان، الأردن : _bدار الغرب الإسلامي ؛ _bمركز التوثيق الملكي الأردني الهاشمي، _c2013. |
|
| 264 | 2 |
_aبيروت : _bبرنت شوب |
|
| 300 |
_a2 مجلد ؛ _c24 × 17 سم |
||
| 336 |
_aنص _btxt _2rdacontent _3كتاب |
||
| 337 |
_aبدون وسيط _bn _2rdamedia |
||
| 338 |
_aمجلد _bnc _2rdacarrier |
||
| 520 | _aمجلد حديثي يتناول ذكر الأحاديث النبوية التي رواها آل البيت عليهم السلام واقتصر حصرهم بأهل الكساء وهم : علي بن أبي طالب، والحسن، والحسين وفاطمة الزهراء عليهم السلام، فقد جللهم النبي ﷺ بكساء وقال: هؤلاء أهل بيتي. ويحتوي هذا المسند على مجلدين . تأليف الدكتور : بشار عواد معروف العبيدي. | ||
| 650 | 7 |
_aالحديث _xالمسانيد _2aucsh |
|
| 650 | 7 |
_aالحديث _2aucsh |
|
| 700 | 1 |
_aالعبيدي، محمد بشار عواد _eمؤلف. |
|
| 942 |
_2ddc _cBOOK _n0 |
||
| 949 |
_aSA-JeALM _d241214 _umohamedma123 _n1 |
||
| 999 |
_c3536 _d3536 |
||